[Event "EICC 2017"]
[Site "Minsk"]
[Date "2017.06.03"]
[Round "5"]
[White "Alekseenko, Kirill"]
[Black "Mindlin, Alon"]
[Result "1/2-1/2"]
[WhiteElo "2585"]
[BlackElo "2436"]
[Annotator "TA"]
[PlyCount "91"]
[EventDate "2017.??.??"]
[EventCountry "BLR"]
[SourceTitle "playchess.com"]
[Source "ChessBase"]
[SourceQuality "1"]

{[%evp 32,91,0,0,68,60,68,38,25,35,36,31,50,37,40,40,41,43,70,63,89,34,88,60,81,51,99,85,81,83,156,0,108,0,0,0,0,0,3,-149,34,-93,0,0,0,0,0,0,0,0,0,-8,-8,-10,-11,-9,-9,-21,-17,-17,0,0]} 1. e4 e5 2. Nf3 Nc6 3. Bb5 {[%cal Bf1b5,Bb5a4,Ba4b3][%mdl 32]} a6 4. Ba4 Nf6 5. O-O Be7 6. Re1 b5 7. Bb3 d6 8. c3 O-O 9. d4 {[%cal Bd2d4,Bd4d5][%mdl 32]} Bg4 10. d5 Na5 11. Bc2 c6 12. h3 Bc8 13. dxc6 Qc7 14. Nbd2 Qxc6 15. Nf1 Nc4 16. Ng3 Be6 {C91: Closed Ruy Lopez: 7...d6 8 c3 0-0 9 d4} 17. Ng5 {[#] LiveBook: 5 Games} h6 $146 (17... Bd7 $11) ({Predecessor:} 17... Bd7 18. a4 Rad8 19. Qd3 g6 20. Rd1 Kg7 21. b3 Nb6 22. a5 Na8 23. f4 Nc7 24. Nf3 {½-½ (68) Socko,B (2628)-Stern,R (2506) Germany 2011}) 18. Nxe6 $14 fxe6 {White is slightly better.} 19. Qe2 Bd8 20. a4 Bb6 21. Rf1 Rae8 22. axb5 axb5 23. b3 Na5 24. Bd2 Ra8 25. Kh2 d5 26. Rac1 (26. f4 $16 d4 27. fxe5) 26... Nb7 (26... Kh8 $14) 27. f4 exf4 28. Bxf4 {e5 is the strong threat.} Nc5 {[%cal Rf6e4]} 29. e5 Nfe4 30. Qg4 Bc7 ({Black should try} 30... Nxg3 31. Qxg3 Kh8) 31. Nh5 $2 (31. c4 $1 $16 {[%cal Rc4d5]} bxc4 32. bxc4 Nxg3 33. Qxg3) 31... Rf7 {[#]} (31... g5 $11) 32. Bg3 (32. c4 $1 $16 {[%cal Rc4d5] Strongly threatening cxd5.} bxc4 33. Qg6) 32... Raf8 $11 33. Rxf7 Rxf7 {[#]} 34. Rf1 $1 {[%mdl 512]} Qd7 (34... Rxf1 35. Qxg7#) 35. Rf3 $2 ({Better is} 35. Ra1 $11 Qc6 36. Qg6) 35... Qe7 $2 (35... Nxg3 $17 36. Qxg3 Qe7 37. Rxf7 Qxf7 38. Nf6+ {[#]} Qxf6 $1 {[%mdl 512]} 39. exf6 Bxg3+ 40. Kxg3 gxf6) 36. b4 (36. Qg6 $14 {stays ahead.}) 36... Rxf3 (36... Nxg3 $17 37. Rxg3 Nd7) 37. gxf3 {The position is equal.} Nxg3 38. Qxg3 Nd7 39. f4 g5 40. Bd3 Qf7 41. Be2 Kf8 {aiming for ...gxf4.} 42. Kh1 gxf4 43. Nxf4 Nxe5 {And now ...Nc4 would win.} 44. Qf2 Ke7 {Hoping for ...Nd7.} 45. Bxb5 Nd7 (45... Nf3 $5 {[%cal Rf7f4]} 46. Qc5+ Bd6 47. Qa7+ Kf8 48. Qxf7+ Kxf7 $15) 46. Nxd5+ {Precision: White = 43%, Black = 37%.} 1/2-1/2

[Event "EICC 2017"]
[Site "Minsk"]
[Date "2017.06.03"]
[Round "5"]
[White "Jojua, Davit"]
[Black "Zhigalko, Sergei"]
[Result "1/2-1/2"]
[WhiteElo "2581"]
[BlackElo "2643"]
[Annotator "TA"]
[PlyCount "18"]
[EventDate "2017.??.??"]
[EventCountry "BLR"]
[SourceTitle "playchess.com"]
[Source "ChessBase"]
[SourceQuality "1"]

{[%evp 12,18,0,-9,0,-9,-12,-6,-4]} 1. d4 Nf6 2. Nf3 e6 3. Bf4 d5 4. e3 Bd6 5. Ne5 O-O 6. Nd2 c5 7. c3 {LiveBook: 17 Games. The position is equal. D02: 1 d4 d5 2 Nf3 sidelines, including 2...Nf6 3 g3 and 2...Nf6 3 Bf4} b6 8. a4 (8. h4 Qc7 9. h5 Nc6 10. Nxc6 Qxc6 11. h6 g6 12. Qf3 Bxf4 13. Qxf4 {1-0 (47) Naiditsch,A (2687)-Halkias,S (2585) Doha 2016}) 8... Qc7 $146 ({Predecessor:} 8... Ba6 9. Bb5 Qc7 10. Bg3 Bb7 11. Bd3 Ba6 12. Bb5 c4 13. Bxa6 Nxa6 14. f4 Nb8 {0-1 (63) Rolgeizer,M (1718)-Charkrubian,T (1880) Gelendzhik 2017}) 9. Bd3 Ba6 1/2-1/2

[Event "EICC 2017"]
[Site "Minsk"]
[Date "2017.06.03"]
[Round "5"]
[White "Antipov, Mikhail Al"]
[Black "Grachev, Boris"]
[Result "1-0"]
[WhiteElo "2576"]
[BlackElo "2658"]
[Annotator "TA"]
[PlyCount "95"]
[EventDate "2017.??.??"]
[EventCountry "BLR"]
[SourceTitle "playchess.com"]
[Source "ChessBase"]
[SourceQuality "1"]

{[%evp 9,95,8,10,0,0,0,0,-2,0,0,3,0,7,0,0,0,0,0,0,-40,-35,-41,-30,-41,-39,-27,-8,-8,82,66,78,64,197,127,122,117,125,122,193,204,190,194,189,196,216,204,194,121,122,96,106,99,95,113,114,97,110,91,95,94,129,117,208,126,231,204,206,219,324,233,362,323,578,574,938,944,922,910,2117,1267,29978,29979,29979,29980,29982,29983,29994,29988]} 1. e4 c5 2. Nf3 e6 3. b3 Nc6 4. Bb2 d5 5. Bb5 Nf6 6. e5 {B40: Sicilian: 2...e6, Unusual lines} Nd7 7. Bxc6 bxc6 8. d3 {The position is equal.} a5 $146 ({Predecessor:} 8... Be7 9. O-O O-O 10. Re1 f6 11. exf6 Bxf6 12. Nc3 Qe7 13. Qe2 e5 14. Na4 Qf7 15. c4 Ba6 16. Nxe5 Nxe5 17. Bxe5 Bxe5 18. Qxe5 Qxf2+ {1-0 (39) Spassky,B (2630)-Giardelli,S (2315) Buenos Aires 1978}) 9. Nc3 Ba6 10. O-O Be7 11. Re1 O-O 12. Qd2 Nb6 13. Rad1 Qc7 (13... a4 $5) 14. Ne2 c4 15. Ng3 cxd3 16. cxd3 Nd7 17. Nh5 Qd8 (17... a4 $5) 18. Qf4 Bc8 (18... Kh8 $11 {keeps the balance.}) 19. Qg4 $16 {[%csl Gh5][%cal Rg4g7]} g6 20. Bc1 $1 f5 {[#]} (20... a4 $14) 21. exf6 (21. Qg3 $1 $18) 21... Nxf6 22. Nxf6+ Bxf6 23. Bh6 Bg7 (23... Re8 $16) 24. Bxg7 $18 Kxg7 25. Qd4+ Qf6 26. Ne5 Bd7 27. Qe3 Be8 28. Ng4 (28. f3 $18) 28... Qf4 $16 29. Qxe6 h5 30. Qe5+ Kg8 31. Qxf4 Rxf4 32. Ne5 $36 {[%mdl 2048] White is on the roll.} a4 33. Rc1 axb3 34. axb3 Ra2 35. Nxc6 Rfxf2 (35... Bxc6 $16 {was necessary.} 36. Rxc6 Rfxf2) 36. Rxe8+ $18 Kh7 {[#]} (36... Kg7 $16) 37. Nd4 $1 Rxg2+ 38. Kf1 Raf2+ 39. Ke1 Kh6 (39... Rb2 {might work better.} 40. Nf3 Kg7) 40. h4 {White wants to mate with Rc7.} Rf7 $2 (40... Rb2 {was worth a try.} 41. Nf3 Kg7) 41. Ne6 g5 42. Rc6 Rg1+ 43. Ke2 {aiming for Rh8+.} Rg2+ 44. Ke3 Rg3+ 45. Kd4 {White mates.} gxh4 46. Nd8+ Kg7 47. Nxf7 h3 48. Ne5 {Precision: White = 78%, Black = 33%.} 1-0

[Event "EICC 2017"]
[Site "Minsk"]
[Date "2017.06.03"]
[Round "5"]
[White "Abasov, Nijat"]
[Black "Berkes, Ferenc"]
[Result "1/2-1/2"]
[WhiteElo "2575"]
[BlackElo "2654"]
[Annotator "TA"]
[PlyCount "98"]
[EventDate "2017.??.??"]
[EventCountry "BLR"]
[SourceTitle "playchess.com"]
[Source "ChessBase"]
[SourceQuality "1"]

{[%evp 9,98,42,75,72,58,41,86,71,70,59,74,75,81,83,68,48,75,77,70,17,24,0,4,-19,0,-18,-18,-6,-9,-28,-23,-30,-12,-17,-12,-16,-21,-25,-12,-10,-20,-12,-16,-29,-8,-11,-12,-14,0,0,0,0,0,0,0,0,0,0,0,0,0,0,-2,-20,0,0,0,0,0,0,0,0,0,0,0,0,0,0,0,0,0,0,0,0,0,0,0,0,0,0,0]} 1. e4 c5 2. Nf3 e6 3. g3 b6 (3... Nc6 4. Bg2 d5 5. exd5 exd5 6. O-O Nf6 7. d4 Be7 8. dxc5 O-O 9. Nbd2 Bxc5 10. Nb3 Bb6 11. c3 Ne4 12. Be3 Bxe3 13. fxe3 {½-½ (50) Tomashevsky,E (2716)-Najer,E (2679) Doha 2016}) 4. Nc3 Bb7 5. Bg2 Ne7 6. d4 $146 {B40: Sicilian: 2...e6, Unusual lines} ({Predecessor:} 6. O-O d5 7. d3 d4 8. Ne2 Nd7 9. c4 g6 10. Nh4 Bg7 11. f4 {1-0 (34) Kovanova,B (2399)-Adamova,T (1973) Ekaterinburg 2014}) 6... cxd4 7. Nxd4 d6 8. Bg5 {Strongly threatening Ndb5.White is better.} Qd7 9. Qe2 h6 10. Be3 Nec6 11. O-O-O Nxd4 12. Rxd4 Nc6 {[%cal Bb8c6,Bc6a5,Ba5c4][%mdl 32]} 13. Rd2 Na5 14. Rhd1 ({White should play} 14. b3 $14) 14... Rc8 $1 $11 15. Qb5 Nc4 16. Qxd7+ Kxd7 17. Rd3 Nxe3 18. Rxe3 a6 19. Red3 Be7 20. Kb1 g5 21. Na4 Kc7 22. e5 Bxg2 23. exd6+ {[#]} Bxd6 $1 {[%mdl 512]} 24. Rxd6 Bc6 25. Nc3 h5 26. R6d4 h4 27. Ne4 {The position is equal.} hxg3 28. hxg3 Rh2 (28... Bxe4 $5 29. Rxe4 Rh2 $11) 29. Nxg5 {Rf4 is the strong threat.} Rxf2 30. Rf4 Rxf4 31. gxf4 {[%mdl 4096] Endgame KRB-KRN} Rf8 32. b3 Bd7 33. Rh1 Kd6 34. Rh7 Ke7 35. Nf3 Bc6 36. Ng5 Kf6 37. Rh6+ Kg7 38. Rxe6 fxe6 39. Nxe6+ Kf7 40. Nxf8 Kxf8 {KB-KP} 41. Kb2 Ke7 42. c4 Be4 43. Kc3 Kd6 44. a4 Bc6 45. a5 bxa5 {Hoping for ...Be8.} 46. b4 a4 {[#] Threatens to win with ...Bb5!} 47. b5 $1 {[%mdl 512] [#]} Bxb5 $1 {aiming for ...Bc6.} (47... axb5 48. cxb5) 48. Kb2 (48. cxb5 axb5) 48... Kc5 (48... Bxc4 $2 49. f5 $19) (48... a3+ $5 49. Kxa3 Bxc4 $11) 49. f5 Bxc4 {Precision: White = 74%, Black = 70%.} 1/2-1/2

[Event "EICC 2017"]
[Site "Minsk"]
[Date "2017.06.03"]
[Round "5"]
[White "Palac, Mladen"]
[Black "Pavlov, Sergey"]
[Result "0-1"]
[WhiteElo "2573"]
[BlackElo "2432"]
[Annotator "TA"]
[PlyCount "62"]
[EventDate "2017.??.??"]
[EventCountry "BLR"]
[SourceTitle "playchess.com"]
[Source "ChessBase"]
[SourceQuality "1"]

{[%evp 17,62,6,0,0,0,0,20,7,14,15,36,32,45,14,27,17,28,0,21,26,25,6,30,0,0,-13,-10,-38,-18,-41,0,-33,0,-41,-39,-134,-135,-245,-255,-262,-260,-306,-285,-341,-339,-890,-852]} 1. c4 e6 2. Nc3 Nf6 3. e4 {[%cal Be2e4,Be4e5][%mdl 32]} d5 4. e5 d4 5. exf6 dxc3 6. dxc3 {A18: English Opening: Flohr-Mikenas System (1 c4 Nf6 2 Nc3 e6 3 e4)} (6. bxc3 Qxf6 7. d4 e5 8. Nf3 exd4 9. Bg5 Qe6+ 10. Be2 Be7 11. cxd4 Bxg5 12. Nxg5 Qg6 13. f4 O-O 14. O-O Nc6 15. Rb1 h6 16. Nf3 Qd6 17. d5 Ne7 18. Nd4 c6 19. f5 {0-1 (55) Nepomniachtchi,I (2751)-Harikrishna,P (2750) Moscow 2017}) 6... Qxd1+ 7. Kxd1 gxf6 8. g3 Bd7 9. Bg2 Bc6 {LiveBook: 3 Games} 10. Bxc6+ Nxc6 11. Nf3 Ne5 $146 (11... a5 {seems wilder.} 12. Be3 O-O-O+ 13. Kc2 b6 14. Rad1 Be7) ({Predecessor:} 11... Bc5 12. Ke2 a5 13. Be3 Bxe3 14. Kxe3 Ke7 15. b3 Rad8 16. Rhd1 h5 17. a3 Ne5 18. Nxe5 {½-½ (18) Van der Auweraert,E (1976)-Lentjes,N (1946) Haarlem 2012}) 12. Nxe5 fxe5 13. Kc2 Rg8 14. Re1 f6 15. Be3 Be7 16. Rad1 a6 17. b4 {[%cal Bb2b4,Bb4b5][%mdl 32]} (17. Bh6 {with more complications.} Kf7 18. Rd7 Rac8 19. f3 Rgd8 20. Red1) 17... Rd8 (17... f5 {looks sharper.} 18. Bh6 Bf6 19. f3 Rg6 20. Be3 h5) 18. Rxd8+ Kxd8 $11 {[%mdl 4096] Endgame KRB-KRB} 19. a4 h5 {[%cal Bh7h5,Bh5h4][%mdl 32]} 20. a5 h4 21. b5 f5 {[%cal Bf6f5,Bf5f4][%mdl 32]} 22. Ba7 (22. Rb1 $5 {[%cal Rb5a6]} Kd7 23. Kb3 $11) 22... Bf6 23. Bc5 Kc8 24. Rb1 f4 {[%cal Rf4g3]} 25. Rg1 e4 26. g4 {[#]} ({White should try} 26. bxa6 $15 bxa6 27. Rf1) 26... h3 $1 $17 27. Bd4 (27. b6 $17 {was called for.}) 27... e5 $19 28. Bc5 Kd7 29. Kd2 Ke6 30. Ke2 Bg5 31. Rb1 $2 {[#]} (31. f3 exf3+ 32. Kxf3) 31... f3+ {Precision: White = 11%, Black = 54%.} 0-1

[Event "EICC 2017"]
[Site "Minsk"]
[Date "2017.06.03"]
[Round "5"]
[White "Svetushkin, Dmitry"]
[Black "Stathopoulos, Ioannis"]
[Result "1/2-1/2"]
[WhiteElo "2573"]
[BlackElo "2376"]
[Annotator "TA"]
[PlyCount "141"]
[EventDate "2017.??.??"]
[EventCountry "BLR"]
[SourceTitle "playchess.com"]
[Source "ChessBase"]
[SourceQuality "1"]

{[%evp 23,141,44,37,-95,-84,-75,-66,-147,-42,-56,-29,-40,-47,-70,-70,-69,-62,-78,-83,-65,-76,-71,-77,-211,-279,-212,-97,-335,-129,-147,-159,-172,-160,-160,-149,-162,-100,-108,-58,-64,-59,-128,-92,-451,-143,-143,-147,-375,-133,-132,-135,-133,-133,-130,-144,-142,-139,-129,-116,-116,-116,-116,-116,-116,-116,-123,-125,-156,-156,-156,-77,-75,-78,-156,-156,-156,-156,-156,-156,-156,-156,-156,-156,-161,-144,-331,-389,-385,-379,-324,-260,-237,-250,-463,-254,-214,-259,-243,-263,-250,-222,-231,-168,-231,-231,-170,-157,-167,-14,-66,0,0,0,-93,0,0,0,0,0,0]} 1. d4 Nf6 2. c4 g6 3. Nc3 Bg7 4. e4 d6 5. h3 O-O 6. Nf3 e5 7. d5 a5 8. Be3 Na6 9. g4 Nd7 {E90: King's Indian: Classical: Early deviations and 6 h3} (9... Nc5 10. Nd2 c6 11. Be2 Bd7 12. h4 cxd5 13. cxd5 Rc8 14. g5 Nh5 15. Bxc5 Rxc5 16. Bxh5 gxh5 17. Qxh5 b5 18. a4 bxa4 19. Qd1 Qc7 20. Nxa4 {0-1 (45) Grischuk,A (2751)-Naiditsch,A (2686) Novi Sad 2016}) 10. a3 Nb6 11. Rg1 Bd7 12. h4 Nc5 {LiveBook: 6 Games} 13. g5 (13. Bxc5 $14 {keeps the upper hand.} dxc5 14. h5) 13... Nba4 $17 14. Bxc5 $146 ({Predecessor:} 14. Nxa4 Bxa4 15. Qb1 Nb3 16. Ra2 c6 17. Bd3 cxd5 18. cxd5 {½-½ (41) Kalinitschew,S (2409)-Kanarek,M (2484) Germany 2014}) 14... Nxc5 15. h5 (15. Nd2 $1 $15) 15... Re8 (15... gxh5 $17 {Hoping for ...Bg4.} 16. Nh4 f5 17. exf5 Bxf5 18. Qxh5 Bd7) 16. Nd2 Bf8 17. Qf3 Be7 18. Qg3 Kh8 19. hxg6 Rg8 $1 20. f4 Rxg6 21. Nf3 exf4 22. Qxf4 f6 {[%cal Bf7f6,Bf6f5,Bf5e4,Be4e3][%mdl 32]} 23. Nh4 (23. gxf6 $17 Rxg1 24. fxe7 Rxf1+ 25. Ke2 Qxe7 26. Rxf1) 23... Rxg5 $19 24. Rh1 Qg8 (24... f5 $1 $19 25. Nf3 Rg4) 25. O-O-O $2 {[#]} (25. Nf5 $17 Bf8 26. O-O-O) 25... Rg4 $2 (25... f5 $1 $19 {[%mdl 512]} 26. Qe3 (26. exf5 Rxf5) 26... Qg7) 26. Qf2 Qg5+ ({Weaker is} 26... Nxe4 27. Nxe4 Rxe4 28. Bd3 $16) 27. Kb1 f5 $1 $36 {[%mdl 2048] Black is in control.} ({Avoid the trap} 27... Nxe4 $2 28. Nxe4 Rxe4 29. Bd3 $18) 28. Nf3 Qg7 29. Bh3 Nxe4 (29... fxe4 $19 30. Nd4 Rf8) 30. Nxe4 $17 fxe4 31. Nd4 {[#]} e3 $1 {[%cal Re3f2]} 32. Qc2 (32. Qxe3 $15 Rg3 33. Qxg3 Qxg3 34. Bxd7) 32... Rxd4 33. Rdg1 $2 {[%mdl 8192] [#]} (33. Rxd4 $17 {nothing else works.} Qxd4 34. Bxd7) 33... Bg4 $2 (33... Qxg1+ $1 $19 34. Rxg1 Bxh3) 34. Bxg4 Rd2 35. Qb3 $2 (35. Bf5 $17 {was called for.} Rxc2 36. Rxg7 Rxb2+ 37. Kxb2 Kxg7 38. Rxh7+ Kf6 39. Kc3) 35... Bf6 $2 (35... Rg8 $19 36. Ka2 Bf6) 36. Bf5 Rxb2+ 37. Qxb2 Bxb2 38. Rxg7 Bxg7 39. Rxh7+ {[%mdl 4096] Endgame KRB-KRB} Kg8 40. Rh4 Bc3 41. Re4 Bd2 42. Kc2 Kg7 43. Bg4 Kf6 44. Re6+ Kg5 45. Be2 Rh8 46. Re7 Rh2 ({Better is} 46... Rh1 47. Rxc7 Rc1+ 48. Kd3 Rc3+ 49. Ke4 Rxa3 50. Rg7+ Kh6 51. Rxb7 Bb4) 47. Kd3 Rh1 48. Rxc7 ({White should try} 48. c5) 48... Ra1 49. c5 Rxa3+ 50. Ke4 Ra4+ 51. Kd3 dxc5 52. Rxc5 {White wants to play d6+.} Kf6 53. Rc7 Ke5 {...Rd4+ is the strong threat.} 54. Bf3 $2 (54. Re7+ $17 Kxd5 55. Bf3+ Kc5 56. Rc7+ Kd6 57. Rxb7) 54... Rd4+ $19 55. Ke2 b5 56. Re7+ Kd6 57. Re6+ Kc5 58. Rc6+ Kb4 {And now ...a4 would win.} 59. d6 a4 60. Bh5 Kb3 61. Bf7+ Kb2 62. Be6 a3 63. Ra6 {[#]} Bb4 $1 64. d7 Be7 65. Kxe3 Ra4 $2 (65... Rh4 $19 {Strongly threatening ...Rh1.} 66. Kd3 Ra4) 66. Rd6 $1 $11 Bg5+ (66... Ra7 $15) 67. Kd3 Bd8 (67... b4 $5 {[%cal Ra3a2]} 68. Rd5 a2 69. Rxg5 a1=Q 70. Rg2+ Ka3 $11) 68. Ke3 (68. Rd5 $11 {keeps the balance.} b4 69. Rf5) 68... a2 (68... Ra7 $17) 69. Rd2+ {The position is equal.} Kb1 70. Rd1+ Kc2 (70... Kb2 $5 71. Rd2+ $8 Kb1 72. Rd1+ Kb2 73. Rd2+ $11) 71. Rd2+ {Precision: White = 45%, Black = 59%.} 1/2-1/2

[Event "EICC 2017"]
[Site "Minsk"]
[Date "2017.06.03"]
[Round "5"]
[White "Wagner, Dennis"]
[Black "Erturan, Yakup"]
[Result "1-0"]
[WhiteElo "2571"]
[BlackElo "2367"]
[Annotator "TA"]
[PlyCount "69"]
[EventDate "2017.??.??"]
[EventCountry "BLR"]
[SourceTitle "playchess.com"]
[Source "ChessBase"]
[SourceQuality "1"]

{[%evp 20,69,31,29,33,18,54,61,83,9,17,12,147,154,144,150,156,122,127,31,42,36,45,39,82,76,99,16,179,171,197,144,212,215,258,255,260,258,261,251,265,275,302,121,302,81,428,433,794,702,712,416]} 1. Nf3 d5 2. d4 Nf6 3. c4 c6 4. Nc3 e6 5. Bg5 Nbd7 6. e3 Qa5 7. cxd5 exd5 8. Nd2 Be7 {D52: Queen's Gambit Declined: Cambridge Springs Variation} (8... Bd6 9. Bd3 O-O 10. O-O Qc7 11. Nf3 Re8 12. Rc1 Qb8 13. Qc2 h6 14. Bh4 Ng4 15. h3 Ngf6 16. e4 dxe4 17. Bxe4 Nxe4 18. Nxe4 Nf8 19. Nxd6 Qxd6 {1-0 (45) Tomashevsky,E (2758)-Nguyen,N (2634) Baku 2015}) 9. Bd3 O-O 10. O-O Re8 11. Qc2 {LiveBook: 4 Games} Nf8 12. Rab1 Bg4 $146 ({Predecessor:} 12... Be6 13. Nf3 Rac8 {0-1 (30) Moradiabadi,E (2404)-Barua,D (2499) Kolkata 2001}) 13. h3 Bh5 14. f4 (14. Bxf6 $1 $16 gxf6 15. f4) 14... h6 $11 15. Bh4 Ne4 (15... Bg6 $11 {keeps the balance.}) 16. b4 $16 Qd8 17. Bxe7 Qxe7 18. Bxe4 dxe4 19. g4 ({But not} 19. Ncxe4 $6 f5 $11) ({White should play} 19. f5 $16) 19... Qh4 $14 {Strongly threatening ...Qg3+.} 20. Ndxe4 f5 21. gxh5 {And now Nd6 would win.} fxe4 22. Qg2 ({Of course not} 22. Nxe4 Qxh3 23. Rb3 Re6 $15) 22... Qxh5 {[#]} 23. f5 ({Reject} 23. Nxe4 Qg6 $15) (23. b5 $1 $16) 23... Kh7 $2 (23... Nh7 $1 $11) 24. Nxe4 Nd7 25. Ng3 ({Better is} 25. Rf4 $18) 25... Qh4 (25... Qg5 $16) 26. Rf4 $40 {[%mdl 128] White has strong attack.} Qe7 27. e4 {[%cal Be3e4,Be4e5][%mdl 32]} Nf6 28. e5 Nd5 29. Rg4 {Threatens to win with f6!} Kh8 30. Qf3 Qf7 31. Kh2 (31. Ne4 $18 {and White stays clearly on top.}) 31... a5 $2 {[#]} (31... Ne3 $16 {is a better defense.} 32. Qxe3 Qxa2+ 33. Ne2 Qxb1) 32. b5 $2 (32. Ne4 $1 $18 {and the rest is easy.}) 32... cxb5 $2 {[%mdl 8192]} (32... Ne3 $16 33. Qxe3 Qxa2+ 34. Ne2 Qxb1) 33. Rf1 {White is clearly winning.} Ne7 (33... Red8 $142 34. f6 g5) 34. e6 Qf8 35. Nh5 {Precision: White = 40%, Black = 26%.} 1-0

[Event "EICC 2017"]
[Site "Minsk"]
[Date "2017.06.03"]
[Round "5"]
[White "Paichadze, Luka"]
[Black "Navara, David"]
[Result "1/2-1/2"]
[WhiteElo "2568"]
[BlackElo "2739"]
[Annotator "TA"]
[PlyCount "64"]
[EventDate "2017.??.??"]
[EventCountry "BLR"]
[SourceTitle "playchess.com"]
[Source "ChessBase"]
[SourceQuality "1"]

{[%evp 25,64,-30,-26,-28,-14,-63,-10,-14,0,0,0,0,0,0,0,0,0,0,0,0,0,0,0,0,0,0,50,0,0,0,46,0,0,0,0,0,0,0,0,0,0]} 1. e4 c5 2. Nf3 d6 3. d4 cxd4 4. Qxd4 Nf6 5. Nc3 Nc6 6. Bb5 Bd7 7. Bxc6 Bxc6 8. Bg5 e6 9. O-O-O Be7 10. Bxf6 {B53: Sicilian: 2...d6: Lines with Qxd4} (10. Rhe1 h6 11. Bh4 Qa5 12. Kb1 O-O 13. Qd2 Rfd8 14. Nd5 Qxd2 15. Nxe7+ Kf8 16. Nxd2 Kxe7 17. f3 g5 18. Bf2 b6 19. Nc4 {1-0 (63) Zhigalko,S (2671)-Volokitin,A (2649) Doha 2016}) 10... Bxf6 11. Qxd6 Qxd6 12. Rxd6 Bxc3 13. bxc3 Bxe4 {LiveBook: 3 Games} 14. Ne5 Rc8 15. c4 (15. Rd4 $5 {[%cal Rd4e4]} Bd5 16. c4 $11) 15... Bxg2 $146 ({Black should try} 15... Rc5 $15 16. f4 O-O) ({Predecessor:} 15... O-O 16. f3 Bg6 17. h4 f6 18. Nxg6 hxg6 19. Rxe6 Rxc4 20. Rhe1 Rfc8 21. R1e2 R8c7 22. R6e4 {½-½ (22) Zielinski,P (2087)-Przybylski,W (2091) Zamosc 1999}) 16. Rg1 $11 Bc6 17. Rxg7 Ke7 18. Rd4 Kf6 19. Rxf7+ Kxe5 20. c3 $1 {[%csl Gd4,Gf7][%cal Rf2f4] [#]} Bd5 $1 21. f4+ Kd6 22. cxd5 Rxc3+ {[%mdl 4096] Endgame KRR-KRR} 23. Kd2 (23. Kb2 $5 {[%cal Rb2c3]} Rh3 24. dxe6+ (24. Rxb7 Rxh2+ 25. Kb3 Rh3+ 26. Kb2 exd5 $11) 24... Kxe6 25. Rdd7 $11 (25. Rxb7 Rxh2+ 26. Kb3 h5 $11)) 23... Rh3 24. dxe6+ Kxe6 25. Rdd7 Rg8 26. Rde7+ ({Of course not} 26. Rxb7 Rg2+ 27. Kd1 Rhxh2 $11) 26... Kd5 27. Rd7+ Ke6 28. Rde7+ ({Much weaker is} 28. Rxb7 Rg2+ 29. Kd1 Rhxh2 $15) 28... Kd6 {The position is equal.} 29. Rd7+ Kc6 {Threatening ...Rg2+.} 30. Rc7+ Kd6 31. Rcd7+ Kc6 {With the idea ...Rg2+.} 32. Rc7+ Kd6 {Precision: White = 75%, Black = 58%.} 1/2-1/2

[Event "EICC 2017"]
[Site "Minsk"]
[Date "2017.06.03"]
[Round "5"]
[White "Donchenko, Alexander"]
[Black "Charochkina, Daria"]
[Result "1/2-1/2"]
[WhiteElo "2563"]
[BlackElo "2370"]
[Annotator "TA"]
[PlyCount "128"]
[EventDate "2017.??.??"]
[EventCountry "BLR"]
[SourceTitle "playchess.com"]
[Source "ChessBase"]
[SourceQuality "1"]

{[%evp 19,128,6,22,14,8,17,15,43,35,28,87,61,56,33,36,39,47,21,42,42,63,53,61,-168,30,34,22,45,57,56,92,92,132,170,146,54,226,0,0,-44,0,-45,16,16,18,22,23,35,28,29,46,0,0,-36,-32,0,0,-82,61,73,68,86,72,0,0,0,0,0,0,0,0,0,0,0,0,0,0,0,0,0,0,-23,-22,-22,-27,-29,-27,-137,-166,-149,-126,-200,-193,-208,-191,-183,-48,-60,-48,-48,-50,-50,-59,-110,-27,-55,0,-104,0,-87,0]} 1. d4 d5 2. c4 c6 3. Nf3 Nf6 4. e3 Bg4 5. h3 Bh5 6. g4 {D11: Slav Defence: 3 Nf3 sidelines and 3...Nf6 4 e3 Bg4} (6. Nc3 e6 7. g4 Bg6 8. Ne5 Nbd7 9. Nxg6 hxg6 10. a3 g5 11. Bd2 g6 12. Qf3 a6 13. Bd3 dxc4 14. Bxc4 b5 15. Bf1 c5 {1-0 (50) Andreikin,D (2736)-Aronian,L (2780) Wijk aan Zee 2017}) 6... Bg6 7. Ne5 e6 8. Nd2 Nbd7 9. Nxg6 hxg6 10. Bg2 Bb4 {LiveBook: 3 Games} 11. Qb3 Qb6 $146 ({Predecessor:} 11... a5 12. cxd5 exd5 13. a3 Bxd2+ 14. Bxd2 {½-½ (64) Hebden,M (2492)-Hovhannisyan,R (2630) London 2016}) 12. O-O Bxd2 13. Bxd2 Ne4 14. Be1 Qc7 (14... Nd6 $11) 15. cxd5 exd5 16. f3 Ng5 17. h4 Ne6 18. Qa3 g5 19. h5 g6 20. hxg6 fxg6 21. Bb4 $2 (21. Rf2 $14 {stays ahead.}) 21... Qh2+ $2 (21... c5 $1 $19 22. Be1 cxd4) 22. Kf2 $14 {[%cal Bg1f2,Bf2e2,Be2f1][%mdl 32]} Qh4+ $1 23. Ke2 {Hoping for Rh1.} Kf7 24. Rf2 Rae8 25. Kf1 c5 26. dxc5 d4 27. Re2 (27. Bd2 $1 $16) 27... Qh2 $2 (27... Ne5 $1 $14 28. Qxa7 Re7) 28. Qb3 $2 (28. Qxa7 $2 Nf4 $1 $19 {[%mdl 512]}) (28. Rae1 $1 $18) 28... Kg7 $36 {[%mdl 2048] Black has the initiative.} 29. Qd5 (29. Rd1 $5 {[%cal Rd1d4]}) 29... Ne5 30. Rd1 ({But not} 30. exd4 $2 Nf4 $19) 30... Nc6 (30... Kh6 $15) 31. Bd2 ({Wrong is} 31. exd4 $2 Nxb4 32. Qxb7+ Kh6 $19) 31... Nf4 $1 {[%cal Rf4d5]} 32. exf4 {Qd7+ would kill now.} Rxe2 33. Kxe2 Qxg2+ 34. Kd3 Re8 35. a3 gxf4 36. Kc2 Re5 37. Qb3 Re7 38. Qd3 (38. Kc1 $11 {keeps the balance.}) 38... Qe2 ({Better is} 38... Re3 $17 39. Qb5 Re7) 39. Re1 $1 $14 {[%cal Re1e2]} Qxd3+ 40. Kxd3 $16 {[%mdl 4096] Endgame KRB-KRN} Ne5+ 41. Ke4 (41. Kc2 $16) 41... Kf6 42. g5+ Kxg5 43. Bxf4+ Kf6 44. Rg1 {And now Bg5+ would win.} Nc6+ 45. Kd5 $1 {Strongly threatening Bg5+.} Kf5 46. Bd6 $1 {[%cal Rd6e7]} Re2 47. b4 a6 48. Rb1 d3 49. Rd1 Re3 50. f4 {[#]} d2 $1 {[%mdl 512]} 51. Rxd2 Rxa3 52. Kc4 Ra4 53. Rh2 (53. Kc3 $11 {remains equal.}) 53... Rxb4+ $17 54. Kc3 Rb1 55. Rh8 (55. Rg2 $17 {keeps fighting.}) 55... a5 $19 56. Rf8+ Ke6 57. Rg8 {[#]} Kf7 (57... Rg1 $1 $19 {...b5 is the strong threat.} 58. Kc4 a4 59. Re8+ Kd7) 58. Rf8+ $1 $15 Kg7 $1 59. Ra8 Rc1+ 60. Kb2 Rc4 61. Ka3 (61. Rc8 $15) 61... Rc3+ ({Black should play} 61... Kf7 $17 62. Rc8 Kf6) 62. Ka4 Rc4+ 63. Ka3 $1 Rc3+ 64. Ka4 Rc4+ {Precision: White = 49%, Black = 42%.} (64... Rc1 $17 65. Ka3 Kf6) 1/2-1/2